000 01070cam a22002294a 4500
005 20250605164241.0
008 250528s ||||||||||||||||||||||||d
035 _a21336
020 _a9781118092361
040 _aGR-AtMCL
_bgre
_dGR-AtMCL
_eAACR2
245 1 _aSystem Analysis Design UML Version 2.0 / An Object-Oriented Approach International Student Version
250 _a4th
260 _bJohn Wiley & Sons, Ltd,
_c2013
300 _a592
520 _aA concise and applied introduction to SAD via an object-oriented approach using UML. Preface, Introduction to Systems Analysis and Design, Project Management, Analysis Modeling, Requirements Determination, Business Process and Functional Modeling, Structural Modeling, Behavioral Modeling, Design, System Design, Class and Method Design, Data Base Design, User Interface Design, Architecture, Implementation, Development, Installation, Index.
700 1 _aDennis Alan
_91913
700 1 _aTegarden David
_91914
700 1 _aWixom Haley Barbara
_91915
942 _cBK
999 _c6401
_d6401